| 000 | 00746nam a22002297a 4500 | ||
|---|---|---|---|
| 003 | UA-OsUOA | ||
| 001 | 37573 | ||
| 007 | ta | ||
| 008 | 20070424b un ||||| |||| 00| 0 ukr d | ||
| 090 |
_a050 _bС89 |
||
| 942 | _cMG | ||
| 040 |
_aUA-OsUOA _bukr _cUA-OsUOA _dUA-OsUOA |
||
| 245 |
_aСумківець _bКвартальник |
||
| 300 | _a28 с. | ||
| 955 | _a1 | ||
| 041 | _aukr | ||
| 080 | _a050 | ||
| 260 |
_aСаскатун _bСоюз Української Молоді Канади |
||
| 310 | _aЛипень 1972.- Ч.3(23) | ||
| 650 | 7 |
_a050 Серійні публікації. Періодика галузі, Організація та інші типи поєднання (співробітництва) _2UDC |
|
| 999 |
_c436098 _d436098 |
||